00557nam a2200145 a 4500008004100000050002200041100001800063245003500081260002400116300001500140350000900155995009200164999001700256952013800273120416s1977 xx |||||||||||||| || u aHF 5549.5.G73 Rac aRackham, Neil10aBehaviour analysis in training abMcGraw-Hillc1977 axiv, 327p. a0.00 D0.00FCBU-MAIN LIBRARY (Kitwe)H1I0.00UAVAILABLEZMain Library Open Access Collection c35705d35705 00102lcc4070a001b001cMain Library Open Access Collectiond2022-11-30l0oHF 5549.5.G73 Racp006018r2022-11-30w2022-11-30y002